[Event "85. Argentino Superior Absoluto 2010 "]
[Site "Buenos Aires ARG"]
[Date "2010.07.05"]
[Round "1.1"]
[White "Felgaer, Ruben"]
[Black "Fiori, Alberto Nicolas"]
[Result "1-0"]
[WhiteElo "2584"]
[BlackElo "2166"]
[PlyCount "97"]
[EventDate "2010.07.05"]
[EventType "swiss"]
[EventRounds "9"]
[EventCountry "ARG"]
[Source "lmi"]
[SourceDate "2010.07.05"]

1. e4 c5 2. Nf3 d6 3. d4 cxd4 4. Nxd4 Nf6 5. Nc3 e6 6. g3 Be7 7. Bg2 O-O 8. O-O
a6 9. a4 Nc6 10. Nb3 Qc7 11. f4 Re8 12. a5 Bf8 13. Be3 Nd7 14. Na4 Rb8 15. Qd2
b5 16. axb6 Nxb6 17. Nxb6 Rxb6 18. Bxb6 Qxb6+ 19. Kh1 Bb7 20. Na5 Nxa5 21. Qxa5
Qc6 22. Qa4 Qc8 23. Rf3 Qa8 24. Rc3 Rc8 25. Rxc8 Qxc8 26. c3 Qa8 27. Qc2 Be7
28. e5 d5 29. Qe2 Bc5 30. h4 g6 31. b4 Bb6 32. Kh2 Qc8 33. Rc1 Bc6 34. Qf3 h5
35. c4 Bb5 36. c5 Bd8 37. Bf1 Qc6 38. Qa3 Bc7 39. Rd1 Bxf1 40. Rxf1 Qb5 41. Rf2
Kh7 42. Rb2 Bd8 43. Qc3 Qc6 44. Ra2 Qb5 45. Ra1 Bc7 46. Rb1 Qc6 47. Qf3 a5 48.
Qc3 axb4 49. Qxb4 1-0

[Event "85. Argentino Superior Absoluto 2010 "]
[Site "Buenos Aires ARG"]
[Date "2010.07.05"]
[Round "1.2"]
[White "Cereijo, Nicolas"]
[Black "Peralta, Fernando"]
[Result "0-1"]
[WhiteElo "2139"]
[BlackElo "2570"]
[PlyCount "76"]
[EventDate "2010.07.05"]
[EventType "swiss"]
[EventRounds "9"]
[EventCountry "ARG"]
[Source "lmi"]
[SourceDate "2010.07.05"]

1. e4 c6 2. d4 d5 3. exd5 cxd5 4. c4 Nf6 5. Nc3 e6 6. Nf3 Bb4 7. Bd2 O-O 8. Bd3
dxc4 9. Bxc4 Nc6 10. a3 Ba5 11. Bg5 Bxc3+ 12. bxc3 Qa5 13. Qd3 Ne4 14. Bd2 Nxd2
15. Qxd2 b6 16. O-O Ba6 17. Bxa6 Qxa6 18. Rfe1 Rac8 19. a4 Na5 20. Qc2 h6 21.
Ne5 Rfd8 22. Qe4 Qb7 23. Qd3 Qc7 24. Re3 Nc4 25. Nxc4 Qxc4 26. Qxc4 Rxc4 27.
Kf1 Rd5 28. a5 b5 29. Ke2 a6 30. Kd3 Kf8 31. f4 Ke7 32. Ra2 Rf5 33. g3 Rd5 34.
Ree2 Rf5 35. Re3 h5 36. Re4 Kd6 37. h3 Rf6 38. Re5 h4 0-1

[Event "85. Argentino Superior Absoluto 2010 "]
[Site "Buenos Aires ARG"]
[Date "2010.07.05"]
[Round "1.3"]
[White "Lemos, Damian"]
[Black "Tomeo, Nicolas"]
[Result "1-0"]
[WhiteElo "2551"]
[BlackElo "2137"]
[PlyCount "47"]
[EventDate "2010.07.05"]
[EventType "swiss"]
[EventRounds "9"]
[EventCountry "ARG"]
[Source "lmi"]
[SourceDate "2010.07.05"]

1. d4 Nf6 2. Nf3 d5 3. c4 c6 4. Nc3 g6 5. e3 Bg7 6. Be2 O-O 7. O-O Nbd7 8. cxd5
Nxd5 9. e4 Nxc3 10. bxc3 e5 11. Ba3 Re8 12. Qc2 exd4 13. cxd4 c5 14. Rad1 Qa5
15. Bb2 cxd4 16. Bxd4 Ne5 17. Bxe5 Bxe5 18. Rd5 Qc7 19. Rc5 Qb8 20. Rd1 Bd6 21.
Rcd5 Qc7 22. Qa4 b5 23. Qxb5 Rxe4 24. Rxd6 1-0

[Event "85. Argentino Superior Absoluto 2010 "]
[Site "Buenos Aires ARG"]
[Date "2010.07.05"]
[Round "1.4"]
[White "Mazzoleni, Julio"]
[Black "Mareco, Sandro"]
[Result "0-1"]
[WhiteElo "2123"]
[BlackElo "2527"]
[PlyCount "60"]
[EventDate "2010.07.05"]
[EventType "swiss"]
[EventRounds "9"]
[EventCountry "ARG"]
[Source "lmi"]
[SourceDate "2010.07.05"]

1. Nc3 c5 2. Nf3 e6 3. d4 cxd4 4. Nxd4 a6 5. e4 d6 6. Be3 Nf6 7. f3 b5 8. a3
Nbd7 9. Be2 Be7 10. O-O Bb7 11. Qd2 O-O 12. Rad1 Qc7 13. Bxb5 axb5 14. Ndxb5
Qb8 15. Nxd6 Ba6 16. Rfe1 Qxb2 17. Ndb5 Bxb5 18. Rb1 Qxa3 19. Nxb5 Qa5 20. Qxa5
Rxa5 21. c4 Rc8 22. Rec1 Ra4 23. e5 Nxe5 24. c5 Nd3 25. Rc3 Nxc5 26. Rbc1 Nd5
27. Rxc5 Bxc5 28. Bxc5 Ra5 29. Rb1 Rxc5 30. Nc7 h5 0-1

[Event "85. Argentino Superior Absoluto 2010 "]
[Site "Buenos Aires ARG"]
[Date "2010.07.05"]
[Round "1.5"]
[White "Ricardi, Pablo"]
[Black "Cabral, Matias Andres"]
[Result "1-0"]
[WhiteElo "2512"]
[BlackElo "2098"]
[PlyCount "55"]
[EventDate "2010.07.05"]
[EventType "swiss"]
[EventRounds "9"]
[EventCountry "ARG"]
[Source "lmi"]
[SourceDate "2010.07.05"]

1. e4 d6 2. d4 Nf6 3. Nc3 g6 4. Nf3 Bg7 5. Be2 c6 6. O-O O-O 7. h3 b5 8. e5
dxe5 9. dxe5 Qxd1 10. Rxd1 Nfd7 11. Bf4 b4 12. Ne4 c5 13. Be3 Nc6 14. Nxc5
Ndxe5 15. Nxe5 Nxe5 16. f4 Bh6 17. Kf2 Bf5 18. fxe5 Bxe3+ 19. Kxe3 Rac8 20. Nd3
Rxc2 21. Rd2 Rc4 22. Bf3 Rd8 23. Rad1 f6 24. g4 Bc8 25. Nf4 Rxd2 26. Rxd2 Kg7
27. exf6+ exf6 28. Rd4 1-0

[Event "85. Argentino Superior Absoluto 2010 "]
[Site "Buenos Aires ARG"]
[Date "2010.07.05"]
[Round "1.6"]
[White "Koch, Juan"]
[Black "Valerga, Diego"]
[Result "0-1"]
[WhiteElo "2087"]
[BlackElo "2506"]
[PlyCount "72"]
[EventDate "2010.07.05"]
[EventType "swiss"]
[EventRounds "9"]
[EventCountry "ARG"]
[Source "lmi"]
[SourceDate "2010.07.05"]

1. c4 e6 2. Nc3 d5 3. d4 c6 4. cxd5 exd5 5. Nf3 Bf5 6. Bg5 Be7 7. Bxe7 Nxe7 8.
a3 O-O 9. e3 Nd7 10. Bd3 Nb6 11. O-O Re8 12. b4 Bxd3 13. Qxd3 Nc4 14. a4 Ng6
15. g3 Qd7 16. Kg2 Re7 17. Rae1 Rae8 18. h3 Nd6 19. b5 h5 20. bxc6 bxc6 21. Qb1
h4 22. g4 f5 23. Ng5 Rf8 24. f4 Nc4 25. Qd3 Qe8 26. Nd1 fxg4 27. hxg4 Rxf4 28.
Rxf4 Nxf4+ 29. exf4 Rxe1 30. Qh7+ Kf8 31. Qh8+ Ke7 32. Qxg7+ Kd8 33. Nf2 Qe2
34. Nf7+ Kc8 35. Qh8+ Kc7 36. Ne5 Qf1+ 0-1

[Event "85. Argentino Superior Absoluto 2010 "]
[Site "Buenos Aires ARG"]
[Date "2010.07.06"]
[Round "1.7"]
[White "Alonso, Salvador"]
[Black "Leeuw, Pablo"]
[Result "1-0"]
[WhiteElo "2490"]
[BlackElo "2071"]
[PlyCount "79"]
[EventDate "2010.07.05"]
[EventType "swiss"]
[EventRounds "9"]
[EventCountry "ARG"]
[Source "lmi"]
[SourceDate "2010.07.05"]

1. e4 e6 2. d4 d5 3. Nc3 Nf6 4. e5 Nfd7 5. f4 c5 6. Nf3 Nc6 7. Be3 cxd4 8. Nxd4
a6 9. Qd2 Nxd4 10. Bxd4 Bc5 11. O-O-O Bxd4 12. Qxd4 Qb6 13. Qxb6 Nxb6 14. Bd3
Bd7 15. Ne2 Bb5 16. Nd4 Bxd3 17. Rxd3 Nd7 18. Rb3 Rb8 19. f5 Ke7 20. Rf1 Rhc8
21. Rh3 Rh8 22. Rg3 Rhg8 23. Re3 Rgc8 24. b3 Rg8 25. g4 h6 26. Kb2 Rbc8 27. h4
Rh8 28. a4 Rhg8 29. g5 hxg5 30. hxg5 Rh8 31. g6 Rh4 32. fxe6 Rxd4 33. exd7 Kxd7
34. Rxf7+ Ke6 35. Rxb7 Rd2 36. Rc3 Rxc3 37. Kxc3 Rg2 38. Rxg7 Kxe5 39. Re7+ Kf5
40. g7 1-0

[Event "85. Argentino Superior Absoluto 2010 "]
[Site "Buenos Aires ARG"]
[Date "2010.07.05"]
[Round "1.8"]
[White "Martinez de Negri, Gonzalo"]
[Black "Iermito, Sebastian"]
[Result "0-1"]
[WhiteElo "2069"]
[BlackElo "2457"]
[PlyCount "92"]
[EventDate "2010.07.05"]
[EventType "swiss"]
[EventRounds "9"]
[EventCountry "ARG"]
[Source "lmi"]
[SourceDate "2010.07.05"]

1. e4 g6 2. d4 Bg7 3. Nf3 d6 4. Nc3 Nf6 5. Bc4 c6 6. Qe2 b5 7. Bb3 Ba6 8. e5 b4
9. exf6 Bxe2 10. fxg7 Rg8 11. Nxe2 Rxg7 12. Bd2 Qb6 13. a3 bxa3 14. Rxa3 Nd7
15. O-O e6 16. Rfa1 Ke7 17. Ng3 Rgg8 18. Ra6 Qb7 19. Ne4 d5 20. Nc5 Nxc5 21.
dxc5 f6 22. Nd4 Rgc8 23. f4 Kf7 24. Bc3 Rc7 25. R6a4 Qc8 26. Re1 Re7 27. Rb4
Qd7 28. Kh1 h6 29. Ra4 Qb7 30. Raa1 Rae8 31. Re3 e5 32. fxe5 Rxe5 33. Rxe5 fxe5
34. Nf3 Qc7 35. Re1 e4 36. Nd4 e3 37. Nf3 Qf4 38. Bd4 g5 39. c3 g4 40. Ng1 Re4
41. Bd1 Rxd4 42. cxd4 Qxd4 43. b4 Qd2 44. Rf1+ Ke7 45. Bxg4 Qxb4 46. Rc1 Qxg4
0-1

[Event "85. Argentino Superior Absoluto 2010 "]
[Site "Buenos Aires ARG"]
[Date "2010.07.05"]
[Round "1.10"]
[White "Vigil, Lucas"]
[Black "Slipak, Sergio"]
[Result "0-1"]
[WhiteElo "2053"]
[BlackElo "2440"]
[PlyCount "50"]
[EventDate "2010.07.05"]
[EventType "swiss"]
[EventRounds "9"]
[EventCountry "ARG"]
[Source "lmi"]
[SourceDate "2010.07.05"]

1. e4 c6 2. d4 d5 3. Nc3 dxe4 4. Nxe4 Bf5 5. Ng3 Bg6 6. N1e2 e6 7. Nf4 Qc7 8.
Be3 Nf6 9. h4 Bd6 10. Qd2 Nbd7 11. h5 Bxc2 12. Nxe6 fxe6 13. Qxc2 Bxg3 14. fxg3
Qxg3+ 15. Bf2 Qg5 16. Qc4 O-O-O 17. Rh3 Rhe8 18. Be3 Qg4 19. Rf3 Nd5 20. Bf2 e5
21. O-O-O e4 22. Rh3 Qf4+ 23. Rd2 e3 24. Bg3 exd2+ 25. Kc2 Ne3+ 0-1

[Event "85. Argentino Superior Absoluto 2010 "]
[Site "Buenos Aires ARG"]
[Date "2010.07.05"]
[Round "1.11"]
[White "Pierrot, Facundo"]
[Black "Gaitan, Juan Manuel"]
[Result "1-0"]
[WhiteElo "2431"]
[BlackElo "2047"]
[PlyCount "79"]
[EventDate "2010.07.05"]
[EventType "swiss"]
[EventRounds "9"]
[EventCountry "ARG"]
[Source "lmi"]
[SourceDate "2010.07.05"]

1. e4 e6 2. d4 d5 3. Nd2 Nf6 4. e5 Nfd7 5. Bd3 c5 6. c3 Nc6 7. Ne2 cxd4 8. cxd4
f6 9. exf6 Nxf6 10. Nf3 Bd6 11. O-O Qc7 12. g3 O-O 13. Bf4 Nh5 14. Bxd6 Qxd6
15. Nc3 g6 16. Re1 Ng7 17. Bf1 Nf5 18. Bb5 Bd7 19. Bxc6 bxc6 20. Na4 Rab8 21.
a3 Nxd4 22. Nxd4 c5 23. Ne2 Bxa4 24. Qxa4 Rxb2 25. Rab1 Rxb1 26. Rxb1 e5 27.
Nc3 Qf6 28. Rf1 Qf3 29. Qc2 c4 30. Re1 d4 31. Ne4 c3 32. h4 Rc8 33. Nd6 Rd8 34.
Qb3+ Kg7 35. Qe6 Qf6 36. Ne8+ Rxe8 37. Qxe8 c2 38. Rc1 Qf5 39. Qe7+ Kg8 40.
Qd8+ 1-0

[Event "85. Argentino Superior Absoluto 2010 "]
[Site "Buenos Aires ARG"]
[Date "2010.07.05"]
[Round "1.12"]
[White "Sanchez, Christian"]
[Black "Tristan, Leonardo"]
[Result "0-1"]
[WhiteElo "2028"]
[BlackElo "2393"]
[PlyCount "64"]
[EventDate "2010.07.05"]
[EventType "swiss"]
[EventRounds "9"]
[EventCountry "ARG"]
[Source "lmi"]
[SourceDate "2010.07.05"]

1. e4 d6 2. Nc3 g6 3. f4 Bg7 4. Nf3 Nf6 5. d3 a6 6. g3 b5 7. a3 Bb7 8. Bg2 c5
9. O-O Nbd7 10. Rb1 Rc8 11. Nh4 Qc7 12. Be3 b4 13. Ne2 Ng4 14. Bd2 c4 15. d4
Qb6 16. c3 e5 17. Kh1 Ngf6 18. fxe5 dxe5 19. d5 Ng4 20. Bh3 Nf2+ 21. Rxf2 Qxf2
22. Bxd7+ Kxd7 23. Qa4+ Kc7 24. Re1 f5 25. Qd1 bxc3 26. bxc3 Qc5 27. Nf4 exf4
28. Bxf4+ Kd7 29. Be3 Qb5 30. Kg1 Rce8 31. Bd4 Bxd4+ 32. Qxd4 fxe4 0-1

[Event "85. Argentino Superior Absoluto 2010 "]
[Site "Buenos Aires ARG"]
[Date "2010.07.05"]
[Round "1.13"]
[White "Mahia, Gustavo"]
[Black "Ponzo, Fabian"]
[Result "0-1"]
[WhiteElo "2393"]
[BlackElo "2027"]
[PlyCount "82"]
[EventDate "2010.07.05"]
[EventType "swiss"]
[EventRounds "9"]
[EventCountry "ARG"]
[Source "lmi"]
[SourceDate "2010.07.05"]

1. f4 d5 2. Nf3 c5 3. e3 Nc6 4. b3 Bg4 5. Bb2 e6 6. h3 Bxf3 7. Qxf3 Nf6 8. Be2
Qc7 9. O-O O-O-O 10. d3 Ne8 11. Nd2 Rg8 12. Qf2 Nd6 13. c4 d4 14. e4 Be7 15. a3
g5 16. f5 Ne8 17. Bh5 Ne5 18. fxe6 fxe6 19. Bf7 Nxf7 20. Qxf7 Ng7 21. Qf3 h5
22. g4 Rh8 23. Qg2 hxg4 24. hxg4 Rh7 25. Nf3 Rdh8 26. e5 Nf5 27. gxf5 exf5 28.
Bc1 g4 29. Ng5 Bxg5 30. Bxg5 Qxe5 31. Rae1 Rh1+ 32. Qxh1 Rxh1+ 33. Kxh1 Qg3 34.
Re8+ Kd7 35. Re7+ Kc6 36. Bf4 Qh4+ 37. Kg2 Qxe7 38. Kf2 Qh4+ 39. Ke2 g3 40. Be5
g2 41. Rg1 Qg5 0-1

[Event "85. Argentino Superior Absoluto 2010 "]
[Site "Buenos Aires ARG"]
[Date "2010.07.05"]
[Round "1.14"]
[White "Galleto, Ricardo"]
[Black "Julia, Ernesto"]
[Result "0-1"]
[WhiteElo "2019"]
[BlackElo "2378"]
[PlyCount "91"]
[EventDate "2010.07.05"]
[EventType "swiss"]
[EventRounds "9"]
[EventCountry "ARG"]
[Source "lmi"]
[SourceDate "2010.07.05"]

1. Nf3 c5 2. g3 g6 3. Bg2 Bg7 4. O-O Nc6 5. e4 d6 6. d3 Nf6 7. Nc3 Bg4 8. h3
Bxf3 9. Bxf3 Rb8 10. Bg5 b5 11. Qd2 Nd4 12. Bg2 b4 13. Nd1 Qa5 14. c3 Nb3 15.
axb3 Qxa1 16. e5 dxe5 17. Bc6+ Nd7 18. Bh6 Bxh6 19. Qxh6 Qa6 20. Qg7 Rf8 21.
Bxd7+ Kxd7 22. Qxe5 Qd6 23. Qe2 Rfd8 24. Ne3 Ke8 25. Qg4 Kf8 26. Qh4 h5 27. Qg5
Qf6 28. Qxc5 bxc3 29. bxc3 Rxb3 30. d4 Qe6 31. d5 Qxh3 32. Qd4 Kg8 33. c4 a5
34. Qe4 Qd7 35. Rd1 Qb7 36. c5 Rb4 37. Qc2 Rb2 38. Qe4 a4 39. Qxa4 Rb1 40. Rxb1
Qxb1+ 41. Kg2 Qb7 42. Qe4 Rc8 43. c6 Qc7 44. Kf3 Rd8 45. Nc4 Qa7 46. Ne5 0-1

[Event "85. Argentino Superior Absoluto 2010 "]
[Site "Buenos Aires ARG"]
[Date "2010.07.05"]
[Round "1.15"]
[White "Garbarino, Rodolfo"]
[Black "Rasgido, Alejandro"]
[Result "1-0"]
[WhiteElo "2350"]
[BlackElo "1997"]
[PlyCount "73"]
[EventDate "2010.07.05"]
[EventType "swiss"]
[EventRounds "9"]
[EventCountry "ARG"]
[Source "lmi"]
[SourceDate "2010.07.05"]

1. e4 e5 2. Nc3 Nf6 3. Bc4 Nxe4 4. Qh5 Nd6 5. Qxe5+ Qe7 6. Qxe7+ Bxe7 7. Bb3 c6
8. Nf3 O-O 9. O-O Nf5 10. d4 d5 11. Ne2 a5 12. a4 Bd6 13. Re1 Re8 14. Bd2 Nd7
15. g4 Ne7 16. Ng3 Nf8 17. h3 Nfg6 18. Nh5 Rf8 19. c4 dxc4 20. Bxc4 Nd5 21. Ne5
Be6 22. Re4 Nge7 23. Rae1 Nc8 24. f4 g6 25. Ng3 Nce7 26. Rf1 b5 27. axb5 cxb5
28. Bd3 Nb4 29. Bxb5 Bd5 30. Re2 Nec6 31. Bc3 Na7 32. Ba4 Bxe5 33. Rxe5 Bc4 34.
Bxb4 axb4 35. Rc1 Rfc8 36. Ra5 Rc7 37. b3 1-0

[Event "85. Argentino Superior Absoluto 2010 "]
[Site "Buenos Aires ARG"]
[Date "2010.07.05"]
[Round "1.16"]
[White "Valli, Americo"]
[Black "Filgueira, Hernan"]
[Result "0-1"]
[WhiteElo "1972"]
[BlackElo "2347"]
[PlyCount "89"]
[EventDate "2010.07.05"]
[EventType "swiss"]
[EventRounds "9"]
[EventCountry "ARG"]
[Source "lmi"]
[SourceDate "2010.07.05"]

1. e4 c5 2. Ne2 a6 3. c4 Nc6 4. d4 cxd4 5. Nxd4 Nf6 6. Nc3 d6 7. Be2 g6 8. Be3
Bg7 9. Nxc6 bxc6 10. e5 dxe5 11. Qxd8+ Kxd8 12. Bb6+ Ke8 13. O-O-O Nd7 14. Ba5
f5 15. g4 h5 16. gxf5 gxf5 17. Rhg1 Kf7 18. Kc2 Bf6 19. Na4 e4 20. c5 Ne5 21.
Nb6 Rh6 22. Nxc8 Rxc8 23. Bb6 Ra8 24. b4 Ke6 25. a4 f4 26. Rd4 Kf5 27. Rgd1 f3
28. Bf1 Ng4 29. R4d2 e3 30. Bd3+ Kf4 31. Bc7+ e5 32. fxe3+ Nxe3+ 33. Kb3 Nxd1
34. Rxd1 Ra7 35. Bd6 f2 36. b5 axb5 37. axb5 Ra8 38. bxc6 Ra3+ 39. Kc2 Ke3 40.
c7 e4 41. Bf1 Rc3+ 42. Kb2 Rd3+ 43. Kc2 Rc3+ 44. Kb2 Rd3+ 45. Kc2 0-1

[Event "85. Argentino Superior Absoluto 2010 "]
[Site "Buenos Aires ARG"]
[Date "2010.07.05"]
[Round "1.17"]
[White "Quiroga, Facundo"]
[Black "Chavarria, Bily"]
[Result "1-0"]
[WhiteElo "2340"]
[BlackElo "1963"]
[PlyCount "113"]
[EventDate "2010.07.05"]
[EventType "swiss"]
[EventRounds "9"]
[EventCountry "ARG"]
[Source "lmi"]
[SourceDate "2010.07.05"]

1. d4 d5 2. c4 e6 3. Nc3 Nf6 4. Bg5 Be7 5. e3 O-O 6. Rc1 c6 7. Nf3 Nbd7 8. Qc2
Re8 9. cxd5 exd5 10. Bd3 Nf8 11. Ne5 g6 12. O-O Nh5 13. Bxe7 Rxe7 14. Ne2 Be6
15. b4 Rc8 16. Qd2 Qd6 17. Rc2 Ng7 18. Rfc1 Rec7 19. Ng3 Nd7 20. Nxd7 Bxd7 21.
h3 b6 22. Ba6 Re8 23. a4 c5 24. dxc5 bxc5 25. b5 Nf5 26. Ne2 Bc8 27. Bxc8 Rexc8
28. a5 c4 29. b6 axb6 30. axb6 Qxb6 31. Qxd5 Qc6 32. Nf4 Qxd5 33. Nxd5 Rc5 34.
Nb6 R8c7 35. Rxc4 Rxc4 36. Rxc4 Rxc4 37. Nxc4 f6 38. Kf1 Kf7 39. Ke2 Ke6 40.
Kd3 Nh4 41. g3 Nf3 42. h4 h5 43. Ke4 Ne1 44. Nd2 f5+ 45. Kd4 Nc2+ 46. Kc3 Ne1
47. Kd4 Nc2+ 48. Kd3 Ne1+ 49. Ke2 Nc2 50. Nf3 Nb4 51. Ng5+ Ke5 52. Kd2 Nd5 53.
Kd3 Nb4+ 54. Kc4 Nc2 55. Kb3 Ne1 56. Kc3 Ng2 57. f4+ 1-0

[Event "85. Argentino Superior Absoluto 2010 "]
[Site "Buenos Aires ARG"]
[Date "2010.07.05"]
[Round "1.18"]
[White "Ortega Morales, Javier"]
[Black "Barrionuevo, Pablo"]
[Result "0-1"]
[WhiteElo "1963"]
[BlackElo "2337"]
[PlyCount "82"]
[EventDate "2010.07.05"]
[EventType "swiss"]
[EventRounds "9"]
[EventCountry "ARG"]
[Source "lmi"]
[SourceDate "2010.07.05"]

1. f4 d5 2. Nf3 g6 3. g3 Bg7 4. Bg2 Nf6 5. O-O O-O 6. e3 c5 7. d3 Nc6 8. Nbd2
Qc7 9. e4 dxe4 10. Nxe4 Nxe4 11. dxe4 Rd8 12. Qe2 Nd4 13. Nxd4 cxd4 14. f5 Bd7
15. Kh1 Rac8 16. Rf2 d3 17. cxd3 Bb5 18. fxg6 fxg6 19. Qg4 Qb6 20. Rf1 Bxd3 21.
Rd1 Rc2 22. Bg5 Qf2 23. Qe6+ Kh8 24. Rg1 Bf6 25. Bxf6+ Qxf6 26. Qxf6+ exf6 27.
Rgd1 Rxb2 28. a4 a5 29. Kg1 Rb4 30. Ra3 Rbd4 31. Rb3 Ba6 32. Rxd4 Rxd4 33. Rb6
Kg7 34. e5 fxe5 35. Bxb7 Bd3 36. Bc6 Rb4 37. Bb5 Rb2 38. Rb7+ Kh6 39. Rb6 e4
40. Re6 Bc2 41. Bc6 Rb6 0-1

[Event "85. Argentino Superior Absoluto 2010 "]
[Site "Buenos Aires ARG"]
[Date "2010.07.05"]
[Round "1.19"]
[White "Garcia, Raimundo"]
[Black "Benedetti, Julio"]
[Result "1-0"]
[WhiteElo "2314"]
[BlackElo "1945"]
[PlyCount "61"]
[EventDate "2010.07.05"]
[EventType "swiss"]
[EventRounds "9"]
[EventCountry "ARG"]
[Source "lmi"]
[SourceDate "2010.07.05"]

1. Nf3 Nf6 2. c4 g6 3. g3 Bg7 4. Bg2 O-O 5. O-O d6 6. d4 c5 7. Nc3 Nc6 8. d5
Nb8 9. Bf4 Nbd7 10. Qd2 Re8 11. h3 Rb8 12. e4 Nh5 13. Bh6 Ne5 14. Bxg7 Nxf3+
15. Bxf3 Nxg7 16. Bg2 Qa5 17. Rfe1 b5 18. cxb5 Rxb5 19. e5 Rd8 20. exd6 exd6
21. Qc1 Rb8 22. Ne4 Ne8 23. b3 Rb4 24. Qg5 Ba6 25. Nf6+ Nxf6 26. Qxf6 c4 27.
Re7 Rf8 28. h4 Rb7 29. h5 gxh5 30. Qg5+ Kh8 31. Qh6 1-0

[Event "85. Argentino Superior Absoluto 2010 "]
[Site "Buenos Aires ARG"]
[Date "2010.07.05"]
[Round "1.20"]
[White "Ligato, Guillermo Fe"]
[Black "Spata, German"]
[Result "0-1"]
[WhiteElo "1944"]
[BlackElo "2286"]
[PlyCount "80"]
[EventDate "2010.07.05"]
[EventType "swiss"]
[EventRounds "9"]
[EventCountry "ARG"]
[Source "lmi"]
[SourceDate "2010.07.05"]

1. e4 e6 2. d4 d5 3. Nc3 dxe4 4. Nxe4 Nd7 5. Nf3 Be7 6. Bd3 Ngf6 7. Nxf6+ Bxf6
8. O-O O-O 9. Qe2 c5 10. Qe4 g6 11. Bh6 Re8 12. c3 cxd4 13. cxd4 Nb6 14. Rad1
Nd5 15. h4 Bd7 16. h5 Nb4 17. hxg6 hxg6 18. Bb1 Bc6 19. Qg4 Bxf3 20. Qxf3 Bg5
21. Qxb7 Rb8 22. Bxg5 Qxg5 23. Qe4 Nd5 24. f4 Qh4 25. Rd3 Rxb2 26. Rh3 Qg4 27.
Bc2 Nf6 28. Qc6 Rb6 29. Qc7 Rb2 30. Rff3 Nh5 31. Qc3 Rbb8 32. d5 Rbc8 33. Qb2
exd5 34. Bd1 Re1+ 35. Kh2 Rxd1 36. Rxh5 gxh5 37. Qe2 Rcc1 38. Qe8+ Kg7 39. Qe5+
Kh7 40. Rf1 Qh4+ 0-1

[Event "85. Argentino Superior Absoluto 2010 "]
[Site "Buenos Aires ARG"]
[Date "2010.07.05"]
[Round "1.21"]
[White "Fabian, Gaston"]
[Black "Luo, Victor"]
[Result "1-0"]
[WhiteElo "2260"]
[BlackElo "1906"]
[PlyCount "75"]
[EventDate "2010.07.05"]
[EventType "swiss"]
[EventRounds "9"]
[EventCountry "ARG"]
[Source "lmi"]
[SourceDate "2010.07.05"]

1. d4 g6 2. c4 Bg7 3. e4 b6 4. Nc3 Bb7 5. Nf3 d6 6. Be2 Nd7 7. O-O e6 8. Bg5
Ne7 9. Qd2 h6 10. Be3 g5 11. Ne1 e5 12. d5 Ng6 13. Nd3 Nf6 14. f3 O-O 15. g3
Re8 16. b4 a5 17. a3 Ba6 18. c5 Bf8 19. cxb6 cxb6 20. Rfc1 Rb8 21. Nb2 Bxe2 22.
Qxe2 Nd7 23. Nb5 h5 24. Na7 Ra8 25. Nc6 Qf6 26. Nc4 axb4 27. axb4 h4 28. Nxb6
Nxb6 29. Bxb6 g4 30. fxg4 Bh6 31. Be3 Nf4 32. gxf4 exf4 33. Rxa8 Rxa8 34. Bd4
Qg5 35. Qf3 Re8 36. b5 Qg6 37. b6 Rxe4 38. b7 1-0

[Event "85. Argentino Superior Absoluto 2010 "]
[Site "Buenos Aires ARG"]
[Date "2010.07.05"]
[Round "1.22"]
[White "Araoz, Claudio Alberto"]
[Black "Gimenez, Santiago"]
[Result "0-1"]
[WhiteElo "1878"]
[BlackElo "2253"]
[PlyCount "50"]
[EventDate "2010.07.05"]
[EventType "swiss"]
[EventRounds "9"]
[EventCountry "ARG"]
[Source "lmi"]
[SourceDate "2010.07.05"]

1. d4 Nf6 2. Nf3 g6 3. Bf4 Bg7 4. e3 d6 5. h3 O-O 6. Be2 Nbd7 7. Nbd2 Qe8 8.
O-O e5 9. Bh2 Qe7 10. Nc4 e4 11. Nfd2 Re8 12. Na3 Nf8 13. c4 h5 14. Nb5 a6 15.
Nxc7 Qxc7 16. c5 Be6 17. Nc4 Bxc4 18. Bxc4 Qd7 19. Bxd6 Ne6 20. f4 Nc7 21. a4
Ncd5 22. Qe2 Ne7 23. Bxe7 Rxe7 24. b4 Nd5 25. Qd2 Nxe3 0-1

[Event "85. Argentino Superior Absoluto 2010 "]
[Site "Buenos Aires ARG"]
[Date "2010.07.05"]
[Round "1.23"]
[White "Virgillito, Cristian"]
[Black "Asad, Jonathan"]
[Result "1-0"]
[WhiteElo "2238"]
[BlackElo "1702"]
[PlyCount "95"]
[EventDate "2010.07.05"]
[EventType "swiss"]
[EventRounds "9"]
[EventCountry "ARG"]
[Source "lmi"]
[SourceDate "2010.07.05"]

1. e4 c5 2. Nf3 d6 3. d4 cxd4 4. Nxd4 Nf6 5. Nc3 a6 6. Be3 Nc6 7. f3 g6 8. Qd2
Bg7 9. O-O-O O-O 10. g4 Nxd4 11. Bxd4 Be6 12. Kb1 Rc8 13. h4 Qa5 14. Nd5 Qxd2
15. Nxe7+ Kh8 16. Rxd2 Rc7 17. Nd5 Bxd5 18. exd5 Nd7 19. f4 Re8 20. Re2 Rxe2
21. Bxg7+ Kxg7 22. Bxe2 Nf6 23. c4 Re7 24. Bf3 Nd7 25. Kc2 Re3 26. Rf1 Nc5 27.
Kd2 Re7 28. b4 Nd7 29. Re1 Rxe1 30. Kxe1 h6 31. g5 hxg5 32. hxg5 f5 33. Kd2 Kf7
34. Kc3 Ke7 35. Kd4 b6 36. Bd1 a5 37. Ba4 axb4 38. Bxd7 Kxd7 39. Kd3 Kc7 40.
Kc2 b5 41. Kb3 Kb6 42. Kxb4 bxc4 43. Kxc4 Ka5 44. Kb3 Kb5 45. a4+ Kc5 46. Kc3
Kxd5 47. Kb4 Kc6 48. Kc4 1-0

[Event "85. Argentino Superior Absoluto 2010 "]
[Site "Buenos Aires ARG"]
[Date "2010.07.05"]
[Round "1.24"]
[White "Ricciardi, Gabriel"]
[Black "Sanhueza, Cristian"]
[Result "0-1"]
[WhiteElo "1599"]
[BlackElo "2199"]
[PlyCount "64"]
[EventDate "2010.07.05"]
[EventType "swiss"]
[EventRounds "9"]
[EventCountry "ARG"]
[Source "lmi"]
[SourceDate "2010.07.05"]

1. e4 e5 2. Nf3 Nc6 3. d4 exd4 4. Nxd4 Nf6 5. Nc3 Bb4 6. Nxc6 bxc6 7. Bd3 d5 8.
exd5 cxd5 9. Qe2+ Be7 10. O-O O-O 11. Re1 Re8 12. Bg5 Bg4 13. Qd2 c6 14. Qf4
Qd7 15. h3 Bh5 16. Bf5 Qb7 17. Qc1 Bg6 18. Bxg6 hxg6 19. b3 Bb4 20. Bd2 Rxe1+
21. Bxe1 Re8 22. a3 Bc5 23. Na4 Bd6 24. f3 Nh5 25. Qd2 Qe7 26. Bf2 Qe5 27. Re1
Qh2+ 28. Kf1 Rxe1+ 29. Bxe1 Qh1+ 30. Ke2 Qxg2+ 31. Kd1 Qxf3+ 32. Kc1 Bf4 0-1

[Event "85. Argentino Superior Absoluto 2010 "]
[Site "Buenos Aires ARG"]
[Date "2010.07.06"]
[Round "2.1"]
[White "Filgueira, Hernan"]
[Black "Felgaer, Ruben"]
[Result "0-1"]
[WhiteElo "2347"]
[BlackElo "2584"]
[PlyCount "50"]
[EventDate "2010.07.05"]
[EventType "swiss"]
[EventRounds "9"]
[EventCountry "ARG"]
[Source "lmi"]
[SourceDate "2010.07.05"]

1. d4 Nf6 2. c4 c5 3. d5 b5 4. cxb5 a6 5. b6 d6 6. Nc3 Nbd7 7. e4 g6 8. Nf3 Bg7
9. Be2 O-O 10. O-O Nxb6 11. a4 Rb8 12. Rb1 Ne8 13. Bd2 f5 14. b4 fxe4 15. Nxe4
Bf5 16. Nfg5 cxb4 17. Rxb4 Nc7 18. Nc3 h6 19. Nf3 a5 20. Rb3 Ncxd5 21. Nxd5
Nxd5 22. Bxh6 Nc3 23. Rxc3 Bxh6 24. Bd3 Bg7 25. Rb3 Rb4 0-1